<?xml version="1.0" encoding="UTF-8"?>
<record
    xmlns:xsi="http://www.w3.org/2001/XMLSchema-instance"
    xsi:schemaLocation="http://www.loc.gov/MARC21/slim http://www.loc.gov/standards/marcxml/schema/MARC21slim.xsd"
    xmlns="http://www.loc.gov/MARC21/slim">

  <leader>01409nam a2200301 i 4500</leader>
  <controlfield tag="001">52802</controlfield>
  <controlfield tag="003">ES-MaACL</controlfield>
  <controlfield tag="005">20250712031711.0</controlfield>
  <controlfield tag="007">t|</controlfield>
  <controlfield tag="008">030904m19581959sp           ||||1| spa d</controlfield>
  <datafield tag="100" ind1="1" ind2=" ">
    <subfield code="a">Deeping, Warwick.</subfield>
    <subfield code="9">43195</subfield>
  </datafield>
  <datafield tag="245" ind1="1" ind2="0">
    <subfield code="a">Obras de G. Warwick Deeping / </subfield>
    <subfield code="c">George Warwick Deeping.</subfield>
  </datafield>
  <datafield tag="260" ind1=" " ind2=" ">
    <subfield code="a">Barcelona : </subfield>
    <subfield code="b">Jos&#xE9; Jan&#xE9;s, </subfield>
    <subfield code="c">1958-59 (</subfield>
    <subfield code="f">Castilla)</subfield>
  </datafield>
  <datafield tag="300" ind1=" " ind2=" ">
    <subfield code="a">2 t. : </subfield>
    <subfield code="b">retr. aut. ; </subfield>
    <subfield code="c">18 cm.</subfield>
  </datafield>
  <datafield tag="490" ind1="1" ind2=" ">
    <subfield code="a">Maestros de hoy</subfield>
  </datafield>
  <datafield tag="505" ind1="8" ind2=" ">
    <subfield code="a">Contiene: T. I: La ciudad desconfiada / [traducci&#xF3;n de Jos&#xE9; Casaiz Herrera]. Cuando el amor acaba / [traducci&#xF3;n de Fernando Guti&#xE9;rrez]. La oscura morada / [traducci&#xF3;n de Mario Rowe]. La tierra prometida / [traducci&#xF3;n de Mary Llad&#xF3;]. -- T. II: El puente del deseo / [traducci&#xF3;n y notas de C. Gonz&#xE1;lez Verges]. Bertrand de Breta&#xF1;a / [traducci&#xF3;n de Jos&#xE9; Romero de Tejada]. La atrevida juventud / [traducci&#xF3;n de M. Garc&#xED;a]. Rey por un d&#xED;a / [traducci&#xF3;n de Enrique de Juan]</subfield>
  </datafield>
  <datafield tag="700" ind1="1" ind2=" ">
    <subfield code="a">Casaiz Herrera, Jos&#xE9;.</subfield>
    <subfield code="9">36037</subfield>
  </datafield>
  <datafield tag="700" ind1="1" ind2=" ">
    <subfield code="a">Guti&#xE9;rrez, Fernando,</subfield>
    <subfield code="d">1911-1984</subfield>
    <subfield code="9">156260</subfield>
  </datafield>
  <datafield tag="700" ind1="1" ind2=" ">
    <subfield code="a">Rowe, Mario.</subfield>
    <subfield code="9">100178</subfield>
  </datafield>
  <datafield tag="700" ind1="1" ind2=" ">
    <subfield code="a">Llad&#xF3;, Mary.</subfield>
    <subfield code="9">72649</subfield>
  </datafield>
  <datafield tag="700" ind1="1" ind2=" ">
    <subfield code="a">Gonz&#xE1;lez Verges, C.</subfield>
    <subfield code="9">59015</subfield>
  </datafield>
  <datafield tag="700" ind1="1" ind2=" ">
    <subfield code="a">Romero de Tejada, J.</subfield>
    <subfield code="9">99376</subfield>
  </datafield>
  <datafield tag="700" ind1="1" ind2=" ">
    <subfield code="a">Garc&#xED;a, M.</subfield>
    <subfield code="9">54065</subfield>
  </datafield>
  <datafield tag="700" ind1="1" ind2=" ">
    <subfield code="a">Juan, Enrique de.</subfield>
    <subfield code="9">67090</subfield>
  </datafield>
  <datafield tag="830" ind1="0" ind2=" ">
    <subfield code="a">Maestros de hoy</subfield>
    <subfield code="9">182411</subfield>
  </datafield>
  <datafield tag="852" ind1=" " ind2=" ">
    <subfield code="a">ES-MaACL</subfield>
    <subfield code="j">E-5135-36 </subfield>
    <subfield code="b">R.43907</subfield>
  </datafield>
  <datafield tag="999" ind1=" " ind2=" ">
    <subfield code="c">52802</subfield>
    <subfield code="d">52802</subfield>
  </datafield>
  <datafield tag="952" ind1=" " ind2=" ">
    <subfield code="0">0</subfield>
    <subfield code="1">0</subfield>
    <subfield code="4">0</subfield>
    <subfield code="7">0</subfield>
    <subfield code="a">ATENEOM</subfield>
    <subfield code="b">ATENEOM</subfield>
    <subfield code="c">DEPO2</subfield>
    <subfield code="d">2008-01-17</subfield>
    <subfield code="e">SC</subfield>
    <subfield code="l">0</subfield>
    <subfield code="o">E-5135-36</subfield>
    <subfield code="p">1055493</subfield>
    <subfield code="r">2023-02-23 00:00:00</subfield>
    <subfield code="w">2023-02-23</subfield>
    <subfield code="y">MONOGRAFIA</subfield>
  </datafield>
</record>
